00425cam a2200157 i 450000500170000000800410001702000180005804100080007608200150008410000230009924500680012225000120019026000340020230000190023665000120025520220702145525.0150102s2015 ne a b 001 0 eng  a9780128007341 aeng00a539bMOR/M1 aMorrison, John C.,10aModern Physics for Scientists and Engineers /cJohn C. Morrison a2nd ed. aAmsterdam :bElsevier,cc2015 axxxvii, 409 p. 0aPhysics